|
|
|
|
| LEADER |
00748ncm a22002292a 4500 |
| 001 |
001304777 |
| 003 |
CZ BrMZK |
| 005 |
20140210133036.0 |
| 007 |
qu |
| 008 |
130621s1921 xxk|||||||||||||||||zxx d |
| 040 |
|
|
|a BOA001
|b cze
|
| 072 |
|
7 |
|a 786
|x Hudba pro klávesové nástroje
|2 Konspekt
|9 9
|
| 100 |
1 |
|
|a Falla, Manuel de,
|d 1876-1946
|7 jn19990002163
|4 cmp
|
| 245 |
1 |
0 |
|a Danse de la frayeur
|h [hudebnina] :
|b piano /
|c Manuel de Falla
|
| 260 |
|
|
|a [London] :
|b J. & W. Chester Ltd.,
|c 1921
|
| 300 |
|
|
|a 1 partitura (7 s.)
|
| 490 |
1 |
|
|a Chester Library
|
| 830 |
|
0 |
|a Chester Library
|
| 910 |
|
|
|a BOA001
|b Mus4-0189.442
|
| 990 |
|
|
|a MU
|
| 991 |
|
|
|b 201306
|
| 996 |
6 |
|
|b 2619578372
|c Mus4-0189.442
|l MZK
|r Sklad / do 1 hodiny
|n 0
|w 001339404
|u 000010
|a 1
|e BOA001
|j MZK50
|s P
|